000 02315cam a22005294i 4500
003 PE-LiUPU
005 20250731165631.0
008 150616s r 000 0 d
020 _a9509368024
035 _a(Sirsi) i9789509368026
040 _aPE-LiUPU
_bspa
_cPE-LiUPU
_erda
049 _aPRUA
082 0 4 _b
_221
110 2 _aInstituto Superior Evangélico de Estudios Teológicos
245 1 0 _aBibliografía Teológica comentada del Area Iberoamericana: Año 1982.
264 1 _aBuenos Aires :
_bAsociación Interconfesional de Estudios Teológicos,
_c1985.
300 _a828 páginas ;
_c22 centímetros
336 _atext
_2rdacontent
337 _aunmediated
_2rdamedia
338 _avolume
_2rdacarrier
505 0 _aCiencias Sociales en correlación -- Teología Práctica -- Historia de las Iglesias -- Biblia -- Contexto Bíblico -- Teología Sistemática.
526 _aSEG44
526 _aSEG26
526 _aP151
526 _aP150
526 _aP149
526 _aP146
526 _aP145
526 _aP126
526 _aP125
526 _aP92
526 _aP75
526 _aP74
526 _aP27
526 _aP15
650 0 4 _aTEOLOGIA - BIBLIOGRAFIAS - IBEROAMERICA (1982).
910 _ajck
_bjvq
_cjck
942 _2ddc
_cBOOK
949 _aRC 230.16 I59
_wDEWEY
_c1
_i29684
_lCCODEBUL1
_mBUL
_r0
_sY
_tBOOK
_u2015-4-23
_xTEOLOGIA
_zUNKNOWN
_0COMPRA
_o.CIRCNOTE. No olvidar cambiar la fecha de devolución!!!!!!!
_o.STAFF. Colección General
949 _aRC 230.16 I59
_wDEWEY
_c2
_i39823
_lCCODEBUL1
_mBUL
_r0
_sY
_tBOOK
_u2015-6-16
_xTEOLOGIA
_zUNKNOWN
_0COMPRA
_o.CIRCNOTE. No olvidar cambiar la fecha de devolución!!!!!!!
_o.STAFF. Colección General
994 _aC0
_bPEPRU
596 _a1
999 _aRC 230.16 I59
_wDEWEY
_c57591
_i29684
_f2021-11-8
_g6
_lCCODEBUL1
_mBUL
_r1
_sY
_tBOOK
_u2015-4-23
_xTEOLOGIA
_zUNKNOWN
_0COMPRA
_o.CIRCNOTE. No olvidar cambiar la fecha de devolución!!!!!!!
_o.STAFF. Colección General
_d57591
999 _aRC 230.16 I59
_wDEWEY
_c2
_i39823
_f2021-11-8
_g6
_lCCODEBUL1
_mBUL
_r1
_sY
_tBOOK
_u2015-6-16
_xTEOLOGIA
_zUNKNOWN
_0COMPRA
_o.CIRCNOTE. No olvidar cambiar la fecha de devolución!!!!!!!
_o.STAFF. Colección General
980 _81
_gALBERTO SANCHEZ Responsable de Automatización